Practical aspects of Art management in project of Art school Gallery diplomová práca

Guardado en:
Detalles Bibliográficos
Autor principal: Grishakova, Ekaterina
Autor Corporativo: Fakulta podnikového manažmentu EU. Katedra manažmentu
Otros Autores: Tarišková, Natália, 1973-
Formato: Libro
Lenguaje:inglés
Publicado: Bratislava 2018
Etiquetas: Agregar Etiqueta
Sin Etiquetas, Sea el primero en etiquetar este registro!

MARC

LEADER 00000nbm a2200000 4500
001 0244976
005 20180920130418.5
041 0 |a eng 
044 |a SK 
245 1 0 |a Practical aspects of Art management in project of Art school Gallery  |b diplomová práca  |c Ekaterina Grishakova ; školiteľ: Natália Tarišková 
264 1 |a Bratislava  |c 2018 
300 |a 99 s. 
100 1 |a Grishakova, Ekaterina 
700 1 |a Tarišková, Natália, 1973- 
710 2 |a Fakulta podnikového manažmentu EU. Katedra manažmentu